[Event "CZECH OPEN 2011 "]
[Site "Pardubice (CZE)"]
[Date "2011.07.29"]
[Round "8.61"]
[White "Zvara, Petr"]
[Black "Meissner, Felix"]
[Result "0-1"]
[WhiteElo "2409"]
[BlackElo "2268"]
[PlyCount "64"]
[EventDate "2011.07.22"]

1. e4 c5 2. Nf3 d6 3. d4 cxd4 4. Nxd4 Nf6 5. Nc3 a6 6. Bg5 Nbd7 7. f4 Qc7 8.
Qf3 h6 9. Bxf6 Nxf6 10. f5 Qc5 11. O-O-O g5 12. e5 Qxe5 13. g3 g4 14. Qf2 h5
15. Kb1 Bh6 16. Re1 Qc5 17. Bg2 Bd7 18. Qe2 Bf8 19. Nb3 Qc7 20. Rhf1 Bc6 21.
Rf4 Bxg2 22. Qxg2 Qc6 23. Qe2 Rc8 24. Na5 Qd7 25. Nc4 Qc6 26. Ne4 Nxe4 27. Rxe4
Rc7 28. Na5 Qc5 29. Nb3 Qxf5 30. Qe3 e5 31. Qb6 Qd7 32. Rd1 Qc6 0-1

[Event "CZECH OPEN 2011 "]
[Site "Pardubice (CZE)"]
[Date "2011.07.29"]
[Round "8.62"]
[White "Nakar, Eylon"]
[Black "Gorbatov, Alexej"]
[Result "1/2-1/2"]
[WhiteElo "2276"]
[BlackElo "2375"]
[PlyCount "62"]
[EventDate "2011.07.22"]

1. e4 c5 2. Nf3 a6 3. Nc3 b5 4. g3 Bb7 5. d3 g6 6. Bg2 Bg7 7. O-O d6 8. a4 b4
9. Nd5 e6 10. Ne3 Ne7 11. Rb1 Nbc6 12. c3 e5 13. Nd2 Na5 14. Ndc4 O-O 15. Nxa5
Qxa5 16. Bd2 bxc3 17. Bxc3 Qc7 18. b4 Bc6 19. bxc5 dxc5 20. Nc4 Rab8 21. Qc2
Bd7 22. Ba5 Qc6 23. Nb6 Be6 24. Rfc1 Bh6 25. Re1 f6 26. Nc4 Kh8 27. Kf1 Qd7 28.
Nb6 Qd6 29. Nc4 Qd7 30. Nb6 Qd6 31. Nc4 Qd7 1/2-1/2

[Event "CZECH OPEN 2011 "]
[Site "Pardubice (CZE)"]
[Date "2011.07.29"]
[Round "8.32"]
[White "Levin, Evgeny A"]
[Black "Zpevak, Pavel"]
[Result "1-0"]
[WhiteElo "2465"]
[BlackElo "2409"]
[PlyCount "59"]
[EventDate "2011.07.22"]

1. d4 Nf6 2. c4 g6 3. Nc3 d5 4. cxd5 Nxd5 5. Bd2 Bg7 6. e4 Nb6 7. Be3 O-O 8. h3
Nc6 9. Nf3 Na5 10. Qc1 f5 11. Be2 fxe4 12. Nxe4 Bf5 13. Ng3 Be6 14. Bh6 Nc6 15.
Bxg7 Kxg7 16. Ne4 Bd5 17. Nc5 Qc8 18. Qe3 Qf5 19. O-O Rae8 20. Rae1 e5 21. dxe5
Kg8 22. Bd3 Qf7 23. Ne4 Bxe4 24. Bxe4 Qxa2 25. Qh6 Re7 26. Re2 Qc4 27. Rfe1 Nd5
28. Rc2 Qb5 29. Qg5 Ncb4 30. Rd2 1-0

[Event "CZECH OPEN 2011 "]
[Site "Pardubice (CZE)"]
[Date "2011.07.29"]
[Round "8.60"]
[White "Breder, Dennis"]
[Black "Goryachkina, Aleksandra"]
[Result "1/2-1/2"]
[WhiteElo "2443"]
[BlackElo "2153"]
[PlyCount "58"]
[EventDate "2011.07.22"]

1. d4 d5 2. c4 c6 3. cxd5 cxd5 4. Nf3 Nf6 5. Nc3 Nc6 6. Bf4 a6 7. Ne5 Qb6 8.
Nxc6 bxc6 9. Qd2 e6 10. e3 Bd7 11. Na4 Qb7 12. Nc5 Bxc5 13. dxc5 Ne4 14. Qd4 f6
15. f3 O-O 16. fxe4 e5 17. Bxe5 fxe5 18. Qc3 Bg4 19. h3 Bh5 20. g4 Qf7 21.
O-O-O Bg6 22. exd5 cxd5 23. Rxd5 Qf3 24. Bc4 Kh8 25. Rhd1 Qe4 26. Qd3 Qg2 27.
Qc3 Qe4 28. Qd3 Qg2 29. Qc3 Qe4 1/2-1/2

[Event "CZECH OPEN 2011 "]
[Site "Pardubice (CZE)"]
[Date "2011.07.29"]
[Round "8.86"]
[White "Potapov, Alexander"]
[Black "Migot, Tangi"]
[Result "1-0"]
[WhiteElo "2418"]
[BlackElo "2254"]
[PlyCount "55"]
[EventDate "2011.07.22"]

1. d4 Nf6 2. c4 g6 3. Nc3 d5 4. Bf4 Bg7 5. Qa4+ Bd7 6. Qb3 Nc6 7. e3 Na5 8. Qb4
Nxc4 9. Bxc4 dxc4 10. Qxb7 Rb8 11. Qxa7 Rxb2 12. Nf3 Rc2 13. Bxc7 Qc8 14. Ba5
O-O 15. O-O Bc6 16. Ne5 Bxg2 17. Kxg2 Ng4 18. Nd5 Qe6 19. Nf4 Qf5 20. Nxg4
Qxg4+ 21. Kh1 e5 22. Ng2 exd4 23. Bb4 Rc8 24. exd4 Bxd4 25. Qa4 Rxf2 26. Rxf2
Bxf2 27. Rf1 Bd4 28. Rf4 1-0

[Event "CZECH OPEN 2011 "]
[Site "Pardubice (CZE)"]
[Date "2011.07.29"]
[Round "8.56"]
[White "Antipov, Mikhail Al"]
[Black "Havlikova, Kristyna"]
[Result "1/2-1/2"]
[WhiteElo "2407"]
[BlackElo "2280"]
[PlyCount "53"]
[EventDate "2011.07.22"]

1. e4 c5 2. Nf3 Nc6 3. d4 cxd4 4. Nxd4 g6 5. c4 Nf6 6. Nc3 Nxd4 7. Qxd4 d6 8.
f3 Bg7 9. Be3 O-O 10. Qd2 Be6 11. Rc1 Qa5 12. Nd5 Qxd2+ 13. Kxd2 Bxd5 14. cxd5
Rfc8 15. Be2 a6 16. b4 e6 17. dxe6 fxe6 18. Rxc8+ Rxc8 19. Rc1 Rxc1 20. Kxc1
Kf7 21. Kc2 Ke7 22. Kb3 Nd7 23. a4 d5 24. exd5 exd5 25. a5 Kd6 26. g3 Nf8 27.
Bc5+ 1/2-1/2

[Event "CZECH OPEN 2011 "]
[Site "Pardubice (CZE)"]
[Date "2011.07.29"]
[Round "8.23"]
[White "Jojua, Davit"]
[Black "Sergienko, Sergey"]
[Result "1/2-1/2"]
[WhiteElo "2505"]
[BlackElo "2411"]
[PlyCount "53"]
[EventDate "2011.07.22"]

1. d4 Nf6 2. c4 e6 3. Nf3 a6 4. Nc3 c5 5. d5 exd5 6. cxd5 Bd6 7. Bg5 Bc7 8. e3
d6 9. Be2 Nbd7 10. a4 h6 11. Bh4 Nf8 12. Nd2 Ng6 13. Bg3 O-O 14. O-O Rb8 15.
Qc2 Re8 16. h3 Bd7 17. Nc4 Qe7 18. Rfd1 b5 19. axb5 axb5 20. Ra7 bxc4 21. Rxc7
Bf5 22. Rxe7 Bxc2 23. Rxe8+ Nxe8 24. Rd2 Bd3 25. Bxd3 cxd3 26. Rxd3 Rxb2 27.
Ne4 1/2-1/2

[Event "CZECH OPEN 2011 "]
[Site "Pardubice (CZE)"]
[Date "2011.07.29"]
[Round "8.43"]
[White "Totsky, Leonid"]
[Black "Schuh, Dirk"]
[Result "0-1"]
[WhiteElo "2484"]
[BlackElo "2364"]
[PlyCount "52"]
[EventDate "2011.07.22"]

1. e4 Nf6 2. Nc3 e6 3. e5 Nd5 4. Ne4 Nc6 5. Nf3 d6 6. d4 Be7 7. c3 dxe5 8. dxe5
Nb6 9. Bd3 Qd5 10. Bf4 Nd7 11. c4 Qa5+ 12. Kf1 Ncxe5 13. Nxe5 Nxe5 14. Qh5 Nxc4
15. Qg4 O-O 16. Bh6 Qe5 17. Bxc4 f5 18. Qg3 Qxb2 19. Rd1 fxe4 20. Be3 Rd8 21.
Rxd8+ Bxd8 22. Qf4 Qb1+ 23. Bc1 Bd7 24. Kg1 Be7 25. g3 Rf8 26. Qd2 Bc5 0-1

[Event "CZECH OPEN 2011 "]
[Site "Pardubice (CZE)"]
[Date "2011.07.29"]
[Round "8.83"]
[White "Wagner, Dennis"]
[Black "Klek, Hanna-Marie"]
[Result "1/2-1/2"]
[WhiteElo "2287"]
[BlackElo "2134"]
[PlyCount "52"]
[EventDate "2011.07.22"]

1. d4 d5 2. c4 e6 3. Nf3 Nf6 4. g3 Bb4+ 5. Bd2 Bd6 6. Bg2 c6 7. O-O Nbd7 8. Qc2
O-O 9. Bf4 Bxf4 10. gxf4 dxc4 11. Nbd2 Nd5 12. e3 b5 13. Ne5 N7f6 14. Ne4 Nxe4
15. Bxe4 Bb7 16. Bxh7+ Kh8 17. Be4 c5 18. dxc5 Rc8 19. Qe2 Qh4 20. Qf3 Kg8 21.
Qg2 Rfd8 22. b4 cxb3 23. axb3 Rxc5 24. Rxa7 Nxf4 25. exf4 Bxe4 26. Qxe4 Rxe5
1/2-1/2

[Event "CZECH OPEN 2011 "]
[Site "Pardubice (CZE)"]
[Date "2011.07.29"]
[Round "8.79"]
[White "Bibik, Jura"]
[Black "Yakimenko, Alexander A"]
[Result "1/2-1/2"]
[WhiteElo "2303"]
[BlackElo "2178"]
[PlyCount "45"]
[EventDate "2011.07.22"]

1. d4 e6 2. Nf3 Nf6 3. Bf4 c5 4. e3 Qb6 5. Qc1 Nc6 6. c3 d5 7. Nbd2 Nh5 8. Bg3
Nxg3 9. hxg3 Bd6 10. Bd3 Bd7 11. O-O Rc8 12. dxc5 Qxc5 13. e4 O-O 14. Nb3 Qb6
15. exd5 Nb4 16. Bc2 Nxd5 17. Qg5 Be7 18. Qh5 g6 19. Qh6 Rfd8 20. Rfe1 Bf8 21.
Qh4 a5 22. Ne5 a4 23. Nxd7 1/2-1/2

[Event "CZECH OPEN 2011 "]
[Site "Pardubice (CZE)"]
[Date "2011.07.29"]
[Round "8.52"]
[White "Recuero Guerra, David"]
[Black "Kjartansson, Gudmundur"]
[Result "1-0"]
[WhiteElo "2441"]
[BlackElo "2310"]
[PlyCount "46"]
[EventDate "2011.07.22"]

1. d4 Nf6 2. c4 e6 3. Nc3 Bb4 4. e3 b6 5. Nge2 c5 6. a3 Ba5 7. Rb1 Na6 8. g3
Bb7 9. d5 b5 10. Bg2 exd5 11. O-O Nc7 12. b4 Bb6 13. Nxb5 Nxb5 14. bxc5 Bxc5
15. cxb5 a6 16. Nf4 axb5 17. Rxb5 Qc8 18. Nxd5 Nxd5 19. Bxd5 Ra7 20. Qc2 Be7
21. Qb2 Bxd5 22. Qxg7 Rf8 23. Rxd5 Qc4 1-0

[Event "CZECH OPEN 2011 "]
[Site "Pardubice (CZE)"]
[Date "2011.07.29"]
[Round "8.31"]
[White "Tate, Alan"]
[Black "Rasik, Vitezslav"]
[Result "1/2-1/2"]
[WhiteElo "2342"]
[BlackElo "2475"]
[PlyCount "45"]
[EventDate "2011.07.22"]

1. e4 d6 2. d4 Nf6 3. Nc3 g6 4. f4 Bg7 5. Nf3 O-O 6. Bd3 Nc6 7. e5 dxe5 8. fxe5
Nh5 9. Be2 Bg4 10. Be3 f6 11. exf6 exf6 12. Qd2 Re8 13. O-O-O Ne7 14. Ne5 Bxe2
15. Qxe2 fxe5 16. dxe5 Qc8 17. g4 Nf5 18. gxf5 Qxf5 19. Qc4+ Qf7 20. Qxf7+ Kxf7
21. Rd7+ Kg8 22. Nd5 Bxe5 23. Bg5 1/2-1/2

[Event "CZECH OPEN 2011 "]
[Site "Pardubice (CZE)"]
[Date "2011.07.29"]
[Round "8.22"]
[White "Samolins, Vitalijs"]
[Black "Luther, Thomas"]
[Result "1/2-1/2"]
[WhiteElo "2412"]
[BlackElo "2515"]
[PlyCount "43"]
[EventDate "2011.07.22"]

1. e4 Nf6 2. Nc3 d5 3. exd5 Nxd5 4. Nxd5 Qxd5 5. Qf3 c6 6. Qxd5 cxd5 7. d4 Nc6
8. Nf3 Bf5 9. c3 a6 10. Bf4 h6 11. Ne5 g5 12. Nxc6 bxc6 13. Be3 e6 14. h4 g4
15. h5 Be7 16. b4 a5 17. b5 cxb5 18. Bxb5+ Kf8 19. Kd2 Kg7 20. Bd3 Bxd3 21.
Kxd3 Rhc8 22. f3 1/2-1/2

[Event "CZECH OPEN 2011 "]
[Site "Pardubice (CZE)"]
[Date "2011.07.29"]
[Round "8.46"]
[White "Cerveny, Martin"]
[Black "Bryzgalin, Kirill"]
[Result "1/2-1/2"]
[WhiteElo "2347"]
[BlackElo "2469"]
[PlyCount "37"]
[EventDate "2011.07.22"]

1. d4 Nf6 2. c4 e5 3. dxe5 Ng4 4. Bf4 Nc6 5. Nf3 Bb4+ 6. Nbd2 Qe7 7. a3 Ngxe5
8. Nxe5 Nxe5 9. e3 Bxd2+ 10. Qxd2 O-O 11. Be2 d6 12. O-O b6 13. Rfd1 Bb7 14.
Qc3 Nd7 15. b4 a6 16. Rd2 f5 17. Bg3 Rfe8 18. Rad1 Kh8 19. Bd3 1/2-1/2

[Event "CZECH OPEN 2011 "]
[Site "Pardubice (CZE)"]
[Date "2011.07.29"]
[Round "8.35"]
[White "Andreev, Eduard"]
[Black "Bures, Jaroslav"]
[Result "1/2-1/2"]
[WhiteElo "2458"]
[BlackElo "2380"]
[PlyCount "32"]
[EventDate "2011.07.22"]

1. e4 c6 2. d4 d5 3. e5 Bf5 4. Nf3 e6 5. Be2 c5 6. Be3 cxd4 7. Nxd4 Ne7 8. Nd2
Nbc6 9. N2f3 Be4 10. O-O Ng6 11. Nxc6 bxc6 12. Nd4 Nxe5 13. f3 Bg6 14. f4 Nd7
15. Nxc6 Qc7 16. Nd4 Bc5 1/2-1/2

[Event "CZECH OPEN 2011 "]
[Site "Pardubice (CZE)"]
[Date "2011.07.29"]
[Round "8.40"]
[White "Schneider, Ilja"]
[Black "De Verdier, Michael"]
[Result "1/2-1/2"]
[WhiteElo "2498"]
[BlackElo "2359"]
[PlyCount "27"]
[EventDate "2011.07.22"]

1. d4 e6 2. c4 Nf6 3. g3 d5 4. Nf3 dxc4 5. Bg2 Bb4+ 6. Bd2 a5 7. Qc2 Nc6 8.
Qxc4 Qd5 9. Qxd5 exd5 10. O-O Bg4 11. Be3 Ne7 12. a3 Bd6 13. Bf4 Bxf4 14. gxf4
1/2-1/2

[Event "CZECH OPEN 2011 "]
[Site "Pardubice (CZE)"]
[Date "2011.07.29"]
[Round "8.92"]
[White "Shemeakin, Alexander"]
[Black "Engelmann, Jakob"]
[Result "1-0"]
[WhiteElo "2317"]
[BlackElo "2213"]
[PlyCount "79"]
[EventDate "2011.07.22"]

1. d4 d5 2. Nf3 Nf6 3. c4 c6 4. Qb3 dxc4 5. Qxc4 Bf5 6. Nc3 Nbd7 7. g3 e6 8.
Bg2 Be7 9. O-O O-O 10. Bg5 h6 11. Bxf6 Nxf6 12. Ne5 Nd7 13. Nxd7 Qxd7 14. Rfd1
Rfd8 15. Rac1 Rac8 16. Qb3 Rc7 17. a4 Qc8 18. a5 Bg5 19. e3 Bg4 20. Re1 Be7 21.
Na4 e5 22. dxe5 Rd2 23. Qc3 Rcd7 24. Bf1 R7d5 25. e4 R5d4 26. Nc5 Bxc5 27. Qxc5
a6 28. Qc3 Qd8 29. h3 Bd1 30. Re3 h5 31. b3 h4 32. Qc5 Ra2 33. e6 fxe6 34. Bc4
Rxa5 35. Bxe6+ Kh8 36. Qc3 Ra2 37. b4 Rdd2 38. Bxa2 Rxa2 39. Rd3 Qf8 40. Qc5
1-0

[Event "CZECH OPEN 2011 "]
[Site "Pardubice (CZE)"]
[Date "2011.07.29"]
[Round "8.93"]
[White "Krensing, Jan"]
[Black "Aliev, Rasim"]
[Result "1/2-1/2"]
[WhiteElo "2315"]
[BlackElo "2211"]
[PlyCount "61"]
[EventDate "2011.07.22"]

1. d4 d5 2. c4 e6 3. Nc3 Nf6 4. cxd5 exd5 5. Bg5 Nbd7 6. e3 c6 7. Qc2 Be7 8.
Bd3 O-O 9. Nge2 Re8 10. O-O Nf8 11. f3 Nh5 12. Bxe7 Qxe7 13. e4 Be6 14. Na4
Rad8 15. e5 g6 16. g4 Ng7 17. h3 h5 18. Ng3 Bc8 19. Qf2 Nfe6 20. Ne2 Nf8 21. a3
hxg4 22. fxg4 Nh7 23. Kg2 Rf8 24. Rae1 Ne6 25. h4 Ng7 26. Qg3 Qd7 27. Rf4 Ne6
28. Rf2 Ng7 29. Rf4 Ne6 30. Rf2 Ng7 31. Rf4 1/2-1/2

[Event "CZECH OPEN 2011 "]
[Site "Pardubice (CZE)"]
[Date "2011.07.29"]
[Round "8.90"]
[White "Pribyl, Josef"]
[Black "Palecek, Peter"]
[Result "1/2-1/2"]
[WhiteElo "2328"]
[BlackElo "2230"]
[PlyCount "106"]
[EventDate "2011.07.22"]

1. c4 e5 2. Nc3 Nf6 3. g3 d5 4. cxd5 Nxd5 5. Bg2 Nb6 6. Nf3 Nc6 7. O-O Be7 8.
d3 O-O 9. a3 Be6 10. b4 f6 11. Be3 Nd5 12. Bd2 Nxc3 13. Bxc3 Bd5 14. e3 a6 15.
Qc2 Qd7 16. Rfd1 Rad8 17. Rac1 Qe6 18. Rd2 Rd7 19. Rb1 e4 20. Nd4 Nxd4 21. Bxd4
exd3 22. Qxd3 Bxg2 23. Kxg2 Rfd8 24. Qb3 Qxb3 25. Rxb3 c5 26. bxc5 Bxc5 27. a4
b5 28. axb5 axb5 29. Rxb5 Bxd4 30. exd4 Rxd4 31. Ra2 R4d7 32. h4 g6 33. Ra6 Kg7
34. g4 Rf8 35. Kg3 Rc8 36. f3 Re7 37. Rbb6 Rf7 38. Re6 Rb8 39. Ra3 Rc8 40. Ra4
Rb8 41. Kf4 Rfb7 42. Rae4 Rf7 43. Re7 Ra8 44. R4e6 Ra4+ 45. Kg3 Ra8 46. g5 fxg5
47. hxg5 Raf8 48. f4 Rxe7 49. Rxe7+ Rf7 50. Re6 h6 51. Kg4 hxg5 52. fxg5 Rf5
53. Re7+ Kg8 1/2-1/2

[Event "CZECH OPEN 2011 "]
[Site "Pardubice (CZE)"]
[Date "2011.07.29"]
[Round "8.87"]
[White "Lambrechts, Koen"]
[Black "Yakunin, Alexey"]
[Result "1/2-1/2"]
[WhiteElo "2255"]
[BlackElo "2360"]
[PlyCount "131"]
[EventDate "2011.07.22"]

1. e4 c5 2. Nf3 e6 3. d4 cxd4 4. Nxd4 a6 5. Nc3 Qc7 6. Be3 Nf6 7. Bd3 Nc6 8.
O-O Bd6 9. f4 Nxd4 10. e5 Bc5 11. exf6 Nf5 12. Bf2 g6 13. Bxf5 gxf5 14. Qd3 b5
15. Rae1 Kf8 16. Re5 Bxf2+ 17. Rxf2 Bb7 18. Rd2 Rg8 19. Qh3 Rg6 20. Qxh7 Rxf6
21. Nd5 Bxd5 22. Rexd5 Rd8 23. Qh8+ Ke7 24. Qh4 Qb6+ 25. R5d4 d5 26. Kf1 Rg8
27. h3 Qc6 28. c3 Rgg6 29. Qh8 Rh6 30. Qb8 Qd6 31. Qxd6+ Kxd6 32. c4 bxc4 33.
Rxc4 Rh8 34. Ra4 Ra8 35. Rc2 e5 36. Ra5 exf4 37. Rd2 f3 38. Rdxd5+ Ke6 39. Re5+
Kd7 40. Rxf5 fxg2+ 41. Kg1 Rxf5 42. Rxf5 Ke7 43. Ra5 Rb8 44. b3 Rb6 45. Kxg2
Kf6 46. Kf3 Kg6 47. Kg4 Rb4+ 48. Kg3 Rb6 49. Kf4 f6 50. Ke4 Re6+ 51. Kd4 f5 52.
Re5 Rd6+ 53. Ke3 Kg5 54. Re8 Rh6 55. Rg8+ Kf6 56. Kf4 Rxh3 57. Ra8 Rh4+ 58. Kg3
Rd4 59. Rxa6+ Kg5 60. Kf3 Rd2 61. Ra8 Rd3+ 62. Kf2 Kg4 63. Rg8+ Kf4 64. Re8
Rf3+ 65. Kg2 Rg3+ 66. Kf2 1/2-1/2

[Event "CZECH OPEN 2011 "]
[Site "Pardubice (CZE)"]
[Date "2011.07.29"]
[Round "8.94"]
[White "Simek, Petr"]
[Black "Seifert, Christopher"]
[Result "1/2-1/2"]
[WhiteElo "2307"]
[BlackElo "2193"]
[PlyCount "53"]
[EventDate "2011.07.22"]

1. d4 Nf6 2. c4 c5 3. d5 e6 4. Nc3 exd5 5. cxd5 d6 6. g3 g6 7. Bg2 Bg7 8. Nf3
O-O 9. O-O Na6 10. h3 Nc7 11. e4 b5 12. e5 Nfe8 13. Ne4 Bb7 14. exd6 Nxd6 15.
Bg5 f6 16. Nxd6 Qxd6 17. Bf4 Qb6 18. Bxc7 Qxc7 19. a4 bxa4 20. Nd2 Ba6 21. Re1
Bb5 22. Ne4 Rad8 23. Rc1 c4 24. Nc3 a6 25. Nxa4 f5 26. Nc3 Qb6 27. Re6 1/2-1/2

[Event "CZECH OPEN 2011 "]
[Site "Pardubice (CZE)"]
[Date "2011.07.30"]
[Round "9.3"]
[White "Arun Prasad, S."]
[Black "Zakhartsov, Viacheslav V"]
[Result "0-1"]
[WhiteElo "2489"]
[BlackElo "2578"]
[PlyCount "128"]
[EventDate "2011.07.22"]

1. d4 Nf6 2. c4 g6 3. g3 Bg7 4. Bg2 d5 5. cxd5 Nxd5 6. Nf3 Nb6 7. O-O Nc6 8. e3
e5 9. Nxe5 Nxe5 10. dxe5 Qxd1 11. Rxd1 Bxe5 12. Nc3 c6 13. e4 Bg7 14. a4 a5 15.
Be3 Nc4 16. Bd4 O-O 17. Bxg7 Kxg7 18. Rd4 Ne5 19. f4 Nd7 20. Rad1 Nc5 21. h3
Be6 22. g4 f6 23. Kf2 g5 24. f5 Bb3 25. R1d2 Rfe8 26. Bf3 Re7 27. Bd1 Bf7 28.
Ke3 Ra6 29. b4 axb4 30. Rxb4 Ra5 31. Rd8 Na6 32. Rbd4 Rc5 33. Kd2 Rce5 34. R8d7
Nc5 35. Rxe7 Rxe7 36. Bc2 Rd7 37. Ne2 Kf8 38. Kc3 Rxd4 39. Nxd4 Ke7 40. Nf3 Nd7
41. a5 Kd6 42. Kb4 h6 43. Bd3 c5+ 44. Kb5 Be8 45. Kc4 b5+ 46. axb6 Nxb6+ 47.
Kc3 Bc6 48. Nd2 Ke5 49. Nc4+ Nxc4 50. Kxc4 Ba4 51. Kxc5 Bd1 52. Kc6 h5 53. gxh5
Bxh5 54. Kd7 Bf3 55. Bf1 Bxe4 56. Ke7 Bxf5 57. Kf7 Be4 58. Kg7 f5 59. Kh6 Kf4
60. Kg6 Bf3 61. Kf6 g4 62. h4 g3 63. Bh3 Bh5 64. Bg2 Kg4 0-1

[Event "CZECH OPEN 2011 "]
[Site "Pardubice (CZE)"]
[Date "2011.07.30"]
[Round "9.4"]
[White "Arutinian, David"]
[Black "Teske, Henrik"]
[Result "1/2-1/2"]
[WhiteElo "2562"]
[BlackElo "2529"]
[PlyCount "64"]
[EventDate "2011.07.22"]

1. d4 d5 2. c4 e6 3. Nc3 Nf6 4. Bg5 Nbd7 5. e3 Be7 6. Nf3 O-O 7. Rc1 a6 8. c5
c6 9. b4 Nh5 10. Bxe7 Qxe7 11. Nd2 g6 12. Be2 Ng7 13. O-O e5 14. Nb3 e4 15. a4
f5 16. Qd2 Ne6 17. f3 exf3 18. Bxf3 Ng5 19. Rce1 Nf6 20. Nc1 Nfe4 21. Qb2 Bd7
22. Nd3 Rae8 23. Ne5 Nxc3 24. Qxc3 Nf7 25. Nd3 Ng5 26. Qb3 Kg7 27. Nf4 Ne6 28.
Qc3 Qf6 29. b5 axb5 30. axb5 Re7 31. bxc6 bxc6 32. Ra1 Rfe8 1/2-1/2

[Event "CZECH OPEN 2011 "]
[Site "Pardubice (CZE)"]
[Date "2011.07.30"]
[Round "9.5"]
[White "Lalic, Bogdan"]
[Black "Danin, Alexandre"]
[Result "1/2-1/2"]
[WhiteElo "2470"]
[BlackElo "2538"]
[PlyCount "82"]
[EventDate "2011.07.22"]

1. Nf3 Nf6 2. c4 c5 3. Nc3 Nc6 4. d4 cxd4 5. Nxd4 g6 6. e4 d6 7. Be2 Bg7 8. Be3
O-O 9. O-O Nxd4 10. Bxd4 Bd7 11. Qd2 Bc6 12. f3 Nd7 13. Be3 a5 14. Rab1 Nc5 15.
b3 Qb6 16. Rfc1 Rfc8 17. Rc2 h5 18. Bf1 Kh7 19. Kh1 Qb4 20. Qc1 Qb6 21. Qd2 Qd8
22. a3 Qh8 23. b4 axb4 24. axb4 Ne6 25. Nd5 Bxd5 26. exd5 Nd4 27. Bxd4 Bxd4 28.
Rd1 Bb6 29. Qc1 Rc7 30. c5 dxc5 31. bxc5 Rac8 32. c6 bxc6 33. dxc6 Qf6 34. Ba6
Ra8 35. Bb7 Ra5 36. Qb2 Qxb2 37. Rxb2 Bc5 38. g3 Bd6 39. Kg2 Kg7 40. Rbd2 Kf6
41. Rd5 Ra2+ 1/2-1/2

[Event "CZECH OPEN 2011 "]
[Site "Pardubice (CZE)"]
[Date "2011.07.30"]
[Round "9.6"]
[White "Dzhakaev, Dzhakay"]
[Black "Stocek, Jiri"]
[Result "0-1"]
[WhiteElo "2478"]
[BlackElo "2596"]
[PlyCount "119"]
[EventDate "2011.07.22"]

1. Nf3 Nf6 2. c4 e6 3. Nc3 Bb4 4. Qc2 O-O 5. a3 Bxc3 6. Qxc3 d6 7. d4 Nbd7 8.
g3 Re8 9. Bg2 e5 10. O-O e4 11. Ne1 d5 12. b3 h6 13. Nc2 Nf8 14. a4 Be6 15. Ne3
Qd7 16. Ba3 Ng6 17. Rfc1 c6 18. a5 Bh3 19. Bh1 Rac8 20. Qb4 Rcd8 21. a6 b6 22.
cxd5 Nxd5 23. Nxd5 cxd5 24. Rc2 Rc8 25. Rcc1 Rxc1+ 26. Rxc1 Rc8 27. f3 Rxc1+
28. Bxc1 Qc8 29. Qd2 f5 30. Kf2 Kh7 31. Ba3 Qxa6 32. Qb4 Qc8 33. Qd2 Qe6 34.
Qc3 exf3 35. Qxf3 Qe4 36. Qxe4 fxe4 37. Bd6 Kg8 38. b4 Kf7 39. b5 Nf8 40. Ke3
Nd7 41. Kf2 Ke6 42. Bc7 Nf6 43. g4 g5 44. Bb8 Bxg4 45. Bg2 h5 46. Bf1 Kd7 47.
h3 Bf5 48. Be5 Ne8 49. e3 Nd6 50. Bf6 Nf7 51. Be2 Ke6 52. Bg7 h4 53. Kg2 Nd6
54. Bf1 Nc4 55. Kf2 Nd2 56. Bg2 g4 57. hxg4 Bxg4 58. Be5 h3 59. Bf1 Kd7 60. Ke1
0-1

[Event "CZECH OPEN 2011 "]
[Site "Pardubice (CZE)"]
[Date "2011.07.30"]
[Round "9.7"]
[White "Petr, Martin"]
[Black "Schlosser, Philipp"]
[Result "1/2-1/2"]
[WhiteElo "2523"]
[BlackElo "2599"]
[PlyCount "67"]
[EventDate "2011.07.22"]

1. e4 d6 2. d4 Nf6 3. Nc3 g6 4. Be3 a6 5. a4 Bg7 6. Qd2 Nc6 7. Nf3 O-O 8. h3 b6
9. Rd1 Bb7 10. Be2 Nb4 11. O-O a5 12. e5 dxe5 13. Nxe5 Qc8 14. Rc1 Nd7 15. f4
Rd8 16. Bc4 e6 17. Qe2 Nf6 18. Rcd1 Ba6 19. Nb5 Qb7 20. c3 Nbd5 21. Bc1 c6 22.
Na3 Bxc4 23. Qxc4 Rac8 24. Qe2 Rc7 25. c4 Ne7 26. Rf3 Rcc8 27. Rfd3 Rd6 28. b3
Rdd8 29. Qf3 Qc7 30. Bb2 Nd7 31. R3d2 Nf6 32. Rd3 Nd7 33. R3d2 Nf6 34. Rd3
1/2-1/2

[Event "CZECH OPEN 2011 "]
[Site "Pardubice (CZE)"]
[Date "2011.07.30"]
[Round "9.8"]
[White "Vorobiov, Evgeny E"]
[Black "Gavrilov, Alexei"]
[Result "1/2-1/2"]
[WhiteElo "2574"]
[BlackElo "2481"]
[PlyCount "89"]
[EventDate "2011.07.22"]

1. c4 e5 2. Nc3 Nf6 3. Nf3 Nc6 4. e3 Be7 5. Qc2 O-O 6. a3 a5 7. b3 Re8 8. Bb2
h6 9. Bd3 d6 10. Ne4 Be6 11. Nxf6+ Bxf6 12. Bh7+ Kh8 13. Be4 d5 14. cxd5 Bxd5
15. O-O Ra6 16. Rab1 Rb6 17. Bc3 Nd4 18. Bxd4 Bxe4 19. Qxe4 exd4 20. Qf5 dxe3
21. dxe3 Qe7 22. Nd2 Ra6 23. a4 Rc6 24. Nc4 Rc5 25. Qf3 Qe4 26. Qxe4 Rxe4 27.
Rfd1 Bc3 28. Rd8+ Kh7 29. Rb8 b6 30. f3 Re7 31. Rd1 f5 32. Kf2 Bf6 33. g3 g5
34. h3 h5 35. g4 hxg4 36. hxg4 fxg4 37. fxg4 Kg6 38. Kf3 Bg7 39. Ke2 Rc6 40.
Rd5 Rce6 41. Rc8 Rf7 42. Rg8 Kh7 43. Rc8 Kg6 44. Rg8 Kh7 45. Rgd8 1/2-1/2

[Event "CZECH OPEN 2011 "]
[Site "Pardubice (CZE)"]
[Date "2011.07.30"]
[Round "9.9"]
[White "Cvek, Robert"]
[Black "Kravtsiv, Martyn"]
[Result "1/2-1/2"]
[WhiteElo "2506"]
[BlackElo "2571"]
[PlyCount "31"]
[EventDate "2011.07.22"]

1. Nf3 Nf6 2. c4 e6 3. d4 d5 4. Nc3 Be7 5. Bg5 O-O 6. e3 b6 7. Bd3 Bb7 8. O-O
Nbd7 9. Qe2 c5 10. Rfd1 h6 11. Bxf6 Bxf6 12. cxd5 exd5 13. Ba6 Qc8 14. Bxb7
Qxb7 15. dxc5 Bxc3 16. c6 1/2-1/2

[Event "CZECH OPEN 2011 "]
[Site "Pardubice (CZE)"]
[Date "2011.07.30"]
[Round "9.11"]
[White "Maximov, Dmitry"]
[Black "Sengupta, Deep"]
[Result "0-1"]
[WhiteElo "2479"]
[BlackElo "2563"]
[PlyCount "172"]
[EventDate "2011.07.22"]

1. e4 e6 2. d4 d5 3. e5 c5 4. c3 Nc6 5. Nf3 Qb6 6. a3 Nh6 7. b4 cxd4 8. cxd4
Nf5 9. Be3 f6 10. exf6 gxf6 11. Bd3 Nxe3 12. fxe3 Bh6 13. Qe2 a5 14. b5 Ne7 15.
Nc3 O-O 16. O-O e5 17. Na4 Qd6 18. dxe5 fxe5 19. e4 d4 20. Bc4+ Kh8 21. Ng5 Bf5
22. Nf7+ Rxf7 23. Bxf7 d3 24. Qf3 Qd4+ 25. Kh1 Bxe4 26. Qf6+ Bg7 27. Qxe7 Qxa4
28. Be8 Qb3 29. Rf2 Qg8 30. Bd7 Qd8 31. Qd6 Bg6 32. Re1 e4 33. b6 Qg5 34. Ref1
Qh6 35. Qc7 e3 36. Qxb7 Rg8 37. Qc7 Be4 38. Bf5 exf2 39. Bxe4 Qe3 40. Qc4 Qxb6
41. Qxd3 Re8 42. g3 h6 43. Kg2 Qd4 44. Bg6 Qxd3 45. Bxd3 Bd4 46. a4 Re1 47. Bb5
Kg7 48. Kf3 Kf6 49. Kg4 Bc5 50. Kf3 Ke5 51. Ba6 Bd4 52. Bb5 Kd5 53. Ba6 Kd6 54.
Bb5 Kc5 55. Kg2 Be3 56. Kf3 Bd4 57. Kg2 Kb4 58. Bc6 Kc3 59. Bb5 Kd2 60. Ba6 Re5
61. Bb5 Re6 62. Bc4 Rf6 63. Bb5 Bc5 64. Bc4 Rf5 65. Ba6 Bd4 66. Bc4 Rf6 67. Bb5
Kc2 68. Bc4 Bb6 69. Bb5 Re6 70. Bc4 Re5 71. Bb5 h5 72. Bc6 Kd2 73. Bb7 Bd4 74.
Ba6 Re7 75. Bb5 Ba7 76. Ba6 h4 77. gxh4 Re4 78. Bb5 Rxh4 79. Kg3 Rh6 80. h4 Ke3
81. Kg4 Rg6+ 82. Kf5 Rg1 83. h5 Kf3 84. h6 Bd4 85. h7 Kg2 86. Ke4 Bh8 0-1

[Event "CZECH OPEN 2011 "]
[Site "Pardubice (CZE)"]
[Date "2011.07.30"]
[Round "9.12"]
[White "Kovacevic, Blazimir"]
[Black "Maslak, Konstantin"]
[Result "0-1"]
[WhiteElo "2480"]
[BlackElo "2561"]
[PlyCount "80"]
[EventDate "2011.07.22"]

1. c4 Nf6 2. g3 e5 3. Bg2 Nc6 4. Nc3 Bc5 5. e3 a6 6. Nge2 O-O 7. O-O d6 8. d4
exd4 9. Nxd4 Nxd4 10. exd4 Ba7 11. h3 Rb8 12. b4 Re8 13. Qd3 h6 14. Bb2 c6 15.
Rad1 d5 16. c5 b6 17. Bc1 a5 18. Bf4 Ra8 19. b5 bxc5 20. bxc6 cxd4 21. Nb5 Ba6
22. a4 Qb6 23. Rc1 Rac8 24. Qb3 g5 25. Bd2 Red8 26. Rfe1 Bb8 27. h4 gxh4 28.
Bxh6 hxg3 29. f3 d3+ 30. Be3 d4 31. Bd2 Rxc6 32. Rxc6 Qxc6 33. Qxd3 Bb7 34.
Bxa5 Rd7 35. Re2 Bf4 36. Bd2 Bxd2 37. Rxd2 Qc1+ 38. Rd1 Qh6 39. Kf1 Nd5 40. Rd2
Re7 0-1